| 000 | 00379nam a2200133Ia 4500 | ||
|---|---|---|---|
| 008 | 210210b1977 xxu||||| |||| 00| 0 eng d | ||
| 082 | _a305.4 GANS | ||
| 100 | _aGANGULI (B N), Ed. | ||
| 245 | _aSocial development essays in honour of Smt. Durgabai Deshmukh. | ||
| 260 |
_aDelhi _bSterling publishers pvt ltd. _c1977 |
||
| 300 | _a303 | ||
| 690 | _aWomen Studies | ||
| 906 | _a035574 | ||
| 999 |
_c85970 _d85970 |
||